=LDR 00000nam 2200000 4500 =001 INLIS000000000006088 =005 20130612094245 =008 ***********************************Ind** =035 ##$$0010-061300000006088 =041 ##$$a Ind =082 ##$$a 200.959 863 8 =090 ##$$a 200.959 863 8, Jam a =100 ##$$a JAMAS, Nurhayati =245 ##$$a Agama orang Bugis, Nurhayati Djamas. -- =260 ##$$a 1998 $b Jakarta =300 ##$$a xii, 188, ilus, 21 cm =650 ##$$a Agama - Makasar =850 ##$$a NBPNMAT